000 00879nam a2200289 4500
001 3636809
003 OSt
005 20230930142127.0
008 710521s1971 njua b 001 0 eng
010 _a 75142120
020 _a9789332550070
020 _a0135367972
040 _aDLC
_cDLC
_dDLC
050 0 0 _aQA251
_b.H67 1971
082 0 0 _a512.5
_bHOF/L
100 _aHoffman, Kenneth
_93750
245 0 0 _aLinear algebra
_c[by] Kenneth Hoffman [and] Ray Kunze.
250 _a2d ed.
260 _aEnglewood Cliffs, N.J.,
_bPrentice-Hall
_c[1971]
300 _aviii, 407 p.
_billus.
_c25 cm.
350 _a$12.50
504 _aBibliography: p. 400.
650 0 _aAlgebras, Linear.
700 1 _aKunze, Ray Alden,
_d1928-
_ejoint author.
906 _a7
_bcbc
_corignew
_d2
_encip
_f19
_gy-gencatlg
942 _2ddc
_cBK
_h512.5
_iHOF/L
_k512.5
_mHOF/L
999 _c42358
_d42358